Design of reinforced concrete (Record no. 549563)

000 -LEADER
fixed length control field 00388nam a22001457a 4500
082 ## - DEWEY DECIMAL CLASSIFICATION NUMBER
Classification number 624.18341
Author Mark MMC
100 ## - MAIN ENTRY--PERSONAL NAME
Personal name Jack C. Mccormac
9 (RLIN) 13409
245 ## - TITLE STATEMENT
Title Design of reinforced concrete
250 ## - EDITION STATEMENT
Edition statement 2nd
260 ## - PUBLICATION, DISTRIBUTION, ETC.
Place of publication, distribution, etc. New York
Name of publisher, distributor, etc. Harper collins publishers ltd.
Date of publication, distribution, etc. 1986
300 ## - PHYSICAL DESCRIPTION
Extent xi, 628 p.
Other physical details ill.
526 ## - STUDY PROGRAM INFORMATION NOTE
Program name 0
Interest level 0
Reading level 0
Title point value 624_183410000000000_MMC
650 ## - SUBJECT ADDED ENTRY--TOPICAL TERM
Topical term or geographic name entry element MCE
9 (RLIN) 379
942 ## - ADDED ENTRY ELEMENTS (KOHA)
Source of classification or shelving scheme
Koha item type Book
Holdings
Withdrawn status Lost status Source of classification or shelving scheme Damaged status Not for loan Permanent Location Current Location Date acquired Total Checkouts Full call number Barcode Date last seen Date last checked out Price effective from Koha item type
          Military College of Engineering (MCE) Military College of Engineering (MCE) 09/30/2014 5 624.18341 MMC MCE-34526 04/20/2017 03/06/2017 09/30/2014 Book
© 2023 Central Library, National University of Sciences and Technology. All Rights Reserved.